000
00349nam a2200157Ia 4500
008
100204s9999 xx 000 0 und d
082
_b
27605
100
_a
SHARMA ROBIN
245
_a
THE GREATNESS GUIDE
250
_a
0
260
_c
2007
300
_a
219
630
_a
THE GREATNESS GUIDE
730
_a
THE GREATNESS GUIDE
942
_c
BOOK
999
_c
472775
_d
472772